01571naa a22003137a 4500001001000000003000900010005001700019007000300036008003400039040005400073041000900127072001400136090001800150100002000168100001800188111011200206245014200318260003600460500025400496650001400750650001000764650001700774650001300791773025100804909003601055942001401091999001901105952013301124BR9600394BR-BrBNA20240918181811.0ta230509b bl.||||| |||| 00| 0 por d aBR-BrBNAbporcBiblioteca Nacional de Agricultura a(Pt) aK10b3240 aK10 BR96003941 aResende, R.M.S.1 aGraca, M.E.C.1 a1. Congresso Florestal Panamericano7. Congresso Florestal BrasileirocCuritiba, PR (Brazil)d19-24 Sep 19931 aEfeito de citocininas na multiplicacao e no enraizamento de brotacoes de clones de Eucalyptus grandis Hill ex. Maiden cultivados in vitro3 aCuritiba, PR (Brasil): c1993.  aAnais, 1. Congresso Florestal Panamericano. 7. Congresso Florestal Brasileiro. Floresta para desenvolvimento: politica, ambiente, tecnologia e mercado. Trabalhos voluntarios e posters. v. 1. Curitiba, PR (Brasil): 1993. p. 116-118 (BR9600394-AM)K10  aEucalipto aClone aEnraizamento aBrotacao0 tAnais, 1. Congresso Florestal Panamericano. 7. Congresso Florestal Brasileiro. Floresta para desenvolvimento: politica, ambiente, tecnologia e mercado. Trabalhos voluntarios e posters. v. 1.wK10 BR9600394gCuritiba, PR (Brasil), 1993. p. 116-118 a202404bLuciac55dLucia Elande cAM2AGRIS c326905d326905 002AGRIS40708Acervo Gerala41918b41918cAgrobasel0r2024-05-20t01yAM10d2024-04-11ePortaria Interministerial nÂș 164/94